Music Quiz

Random Music or Kpop Quiz

Exo Members Quiz Stats

 Plays Quiz not verified by Sporcle

Support Sporcle.
Go Orange.
Score 0/13 Timer 19:00
0 Plays Today
% Correct
12
94.3%
4
92.2%
Vancouver
91.7%
growl
87.2%
mama
83.6%
Taro
82.5%
Kris
81.4%
Luhan
75.1%
60.7%
Tao
58.7%
Kai
57.1%
Xiu Min
46.9%
Chen
43.7%

You're not logged in!

Compare scores with friends on all Sporcle quizzes.
OR
Log In

From the Vault

Steven Spielberg (A-Z)

by LTH

We're excited for Spielberg's next film about an amusement park filled with cloned U.S. presidents. Should be a hit!
Remove Ads.
Support Sporcle.
Get the best of Sporcle when you Go Orange. This ad-free experience offers more features, more stats, and more fun while also helping to support Sporcle. Thank you for becoming a member.

Show Comments

Extras

Created Sep 12, 2013ReportNominate
Tags:Kpop Quiz, Exo, Kpop Quiz

Top Quizzes Today


Score Distribution

Your Account Isn't Verified!

In order to create a playlist on Sporcle, you need to verify the email address you used during registration. Go to your Sporcle Settings to finish the process.

Report this User

Report this user for behavior that violates our Community Guidelines.

Details: